000 01245nab a2200253 i 4500
001 BPP
003 BPK
005 20180413092751.0
008 140909s2008 pl f |000 0 pol
040 _cBPK
041 _apol
_beng
044 _aPOL
080 _a637.5
100 _aDIAKUN, Jarosław.
_d1996 - .
_bPolitechnika Koszalińska - Wydział Mechaniczny,
_cKatedra Procesów i Urządzeń Przemysłu Spożywczego
245 _aPrzegląd konstrukcyjno-funkcjonalny masownic do mięsa.
_nCz. 2.
_pSystemy załadunku i wyładunku /
_cJarosław Diakun, Mariusz Seńcio.
246 _aConstruction-functional overview of the meat tumbling machines.
_nP. 2.
_pLoading and unloading systems /
260 _c2008.
500 _aDane z autopsji.
520 _aW artykule opisane zostały systemy załadunku i wyładunku. Przeprowadzono analizę rozwiązań konstrukcyjnych i oceniono ich funkcjonalność użytkową na podstawie przeglądu katalogów i stron internetowych producentów urządzeń.
650 0 _aPrzemysł mięsny.
650 0 _aMięso - technologia.
773 _iW :
_tPostępy Techniki Przetwórstwa Spożywczego = Technological Progress in Food Processing. -
_gT. 19/34, 2009, nr 1, s. 86-90
942 _cART
_2UKD
999 _c5545
_d5545